Southville International School and Colleges
Your cart is empty.
  • Cart
  • Lists
    Public lists Eva Luna New books Lux_list list_1
    Your lists Log in to create your own lists
  • Log in to your account
  • Your cookies
  • Search history
Southville International School and Colleges
  • Advanced search
  • Recent comments
  • Most popular
  • Libraries

Log in to your account

Log in with GOOGLE


If you do not have an external account, but do have a local account, you can still log in:

  1. Home
  2. MARC view: The other 80 percent :
Normal view MARC view ISBD view

The other 80 percent : (Record no. 121509)

[ view plain ]
MARC details
000 -LEADER
fixed length control field 00721nam a2200217Ia 4500
003 - CONTROL NUMBER IDENTIFIER
control field PILC
005 - DATE AND TIME OF LATEST TRANSACTION
control field 20160218121908.0
008 - FIXED-LENGTH DATA ELEMENTS--GENERAL INFORMATION
fixed length control field 140626s9999 xx 000 0 und d
020 ## - INTERNATIONAL STANDARD BOOK NUMBER
International Standard Book Number 9780470891292
050 ## - LIBRARY OF CONGRESS CALL NUMBER
Classification number BV 4520
Item number .T58 2011
100 ## - MAIN ENTRY--PERSONAL NAME
Personal name Thumma, Scott.
245 #4 - TITLE STATEMENT
Title The other 80 percent :
Remainder of title turning your church’s spectators into active participants /
Statement of responsibility, etc Scott Thumma and Warren Bird.
260 ## - PUBLICATION, DISTRIBUTION, ETC. (IMPRINT)
Place of publication, distribution, etc San Francisco, CA :
Name of publisher, distributor, etc Jossey-Bass,
Date of publication, distribution, etc 2011.
300 ## - PHYSICAL DESCRIPTION
Extent 218 pages ;
Dimensions 24 cm.
440 ## - SERIES STATEMENT/ADDED ENTRY--TITLE
Title (Jossey-bass leadership network series ; 56).
500 ## - GENERAL NOTE
General note Includes appendices, bibliographical references and index.
650 ## - SUBJECT ADDED ENTRY--TOPICAL TERM
Topical term or geographic name as entry element Leadership.
650 ## - SUBJECT ADDED ENTRY--TOPICAL TERM
Topical term or geographic name as entry element Religion.
942 ## - ADDED ENTRY ELEMENTS (KOHA)
Call number prefix Foreign
Koha item type Books
Source of classification or shelving scheme Library of Congress Classification
Holdings
Withdrawn status Lost status Source of classification or shelving scheme Damaged status Home library Current library Shelving location Date acquired Source of acquisition Cost, normal purchase price Total Checkouts Full call number Barcode Date last seen Price effective from Koha item type
    Library of Congress Classification   College Library College Library General Circulation Section 06/26/2014 Donation 1597.00   BV 4520 .T58 2011 C15993 05/15/2018 06/26/2014 Books

The other 80 percent :

APA

Thumma S., . (2011). The other 80 percent. San Francisco, CA: Jossey-Bass.

Chicago

Thumma Scott, . 2011. The other 80 percent. San Francisco, CA: Jossey-Bass.

Harvard

Thumma S., . (2011). The other 80 percent. San Francisco, CA: Jossey-Bass.

MLA

Thumma Scott, . The other 80 percent. San Francisco, CA: Jossey-Bass. 2011.

  • Place hold
  • Print
  • Cite
  • Add to your cart (remove)
  • Save record
    BIBTEX Dublin Core MARCXML MARC (non-Unicode/MARC-8) MARC (Unicode/UTF-8) MARC (Unicode/UTF-8, Standard) MODS (XML) RIS
  • More searches
    Search for this title in:
    Other Libraries (WorldCat) Other Databases (Google Scholar) Online Stores (Bookfinder.com) Open Library (openlibrary.org)

Exporting to Dublin Core...

SOUTHVILLE LIBRARY

Southville International School and Colleges Library

1281 Tropical Ave. Cor. Luxembourg St., BF Homes International, Las Pinas City

Tel. No. 8256374 / 252358 Loc. 117/146

Powered by Koha